000 00293nam a2200097Ia 4500
008 220120s9999||||xx |||||||||||||| ||und||
100 _aManjunatha, N
_912244
245 0 _aRouting simmulation
260 _aCoorg Institute of Technology
_bPonnampet
_c2010
650 _aELECTRONICS AND COMMUNICATIONS
999 _c137830
_d137830